000 00581nam a2200217Ia 4500
005 20241129115522.0
008 241129s9999||||xx |||||||||||||| ||und||
020 _a9783764389932
037 _aTB
040 _aSDCL
_beng
_cSDCL
041 _aeng
_2eng
084 _aB313N P9
_qSDCL
100 _aTucsnak Marius; Weiss George
_9727639
245 0 _aObservation and control for operator semigroups
260 _aBasel
_bBirkhauser
_c2009
300 _axi,483p.
365 _aEUR
_b99.99
650 _aGift
942 _cTB
_hB313N P9
999 _c1230783
_d1230783